000 00442nam a2200133Ia 4500
005 20250729165437.0
008 250729s2005 xx 000 0 und d
041 _akan
082 _a894.51 RAMK
100 _aರಮೇಶ್ ಬೆ.ಗೋ
_9223955
245 _aಕನ್ನಡದ ಜ್ನಾನಪೀಠ ಪ್ರಶಸ್ತಿ ಪುರಸ್ಕ್ರುತರು
260 _aಬೆಂಗಳೂರು
_c2005
650 _aKannada
_9223956
999 _c236163
_d236163